| 000 | 00364nam a2200145Ia 4500 | ||
|---|---|---|---|
| 008 | 191201s2005 xx 000 0 und d | ||
| 082 |
_a621.38214 _bSAE |
||
| 100 | _aSARWATE, V V | ||
| 245 | 0 | _aElectromagnetic Fields and Waves | |
| 250 | _a1st | ||
| 260 |
_aN.Delhi _bNew Age International Pub _c2005 |
||
| 300 | _a457 | ||
| 650 | _aB.Tech(ECE) | ||
| 942 |
_2ddc _cBK |
||
| 999 |
_c1624 _d1624 |
||